Aspects of thiruvarur in medieval history / (Record no. 40919)

MARC details
000 -LEADER
fixed length control field 00967nam a22002414a 4500
005 - DATE AND TIME OF LATEST TRANSACTION
control field 20100811103246.0
010 ## - LCCN (DPL NO)
LC control number ENG-99498
020 ## - INTERNATIONAL STANDARD BOOK NUMBER
Terms of availability 160.00
International Standard Book Number 9788190848060
035 ## - SYSTEM CONTROL NUMBER
System control number EN-83030
037 ## - SOURCE OF ACQUISITION
Source of stock number/acquisition DBAD/PUB
082 ## - DEWEY DECIMAL CLASSIFICATION NUMBER
Classification number 954.02
100 ## - MAIN ENTRY--PERSONAL NAME
Personal name T. Selvamuthukumaran
245 ## - TITLE STATEMENT
Title Aspects of thiruvarur in medieval history /
Statement of responsibility, etc by T. Selvamuthukumaran
250 ## - EDITION STATEMENT
Edition statement 2nd ed.
260 ## - PUBLICATION, DISTRIBUTION, ETC. (IMPRINT)
Place of publication, distribution, etc Mayiladuthurai
Name of publisher, distributor, etc Puthagacholai Publishers
Date of publication, distribution, etc 2009
270 ## - ADDRESS
Address 48, Mahathana Street,
Postal code 609001
City Mayiladuthurai
300 ## - PHYSICAL DESCRIPTION
Extent 127 p.
Dimensions 22 cm (Pbk)
500 ## - GENERAL NOTE
General note Includes bibliographical references
650 ## - SUBJECT ADDED ENTRY--TOPICAL TERM
Topical term or geographic name as entry element Medieval history
700 ## - ADDED ENTRY--PERSONAL NAME
9 (RLIN) 10698
942 ## - ADDED ENTRY ELEMENTS (KOHA)
Source of classification or shelving scheme Dewey Decimal Classification
Item type English Books
Call number suffix TSE
Classification part 954.02
Holdings
Withdrawn status Lost status Not for loan Collection code Home library Current library Date acquired Cost, normal purchase price Full call number Barcode Copy number Cost, replacement price Koha item type
    Not For Loan Non-fiction D.B.Act.Division D.B.Act.Division 11/08/2010 160.00 954.02 TSE EN-83030 1 160.00 English Books

© Delhi Public Library
Hit Counter
free hit counter